Izvestiya journal of Varna university of economics

Gespeichert in:
Bibliographische Detailangaben
Format: Schriftenreihe
Sprache:Englisch
Veröffentlicht: Varna University of Economics Varna 2014
Schlagworte:
Tags: Tag hinzufügen
Keine Tags, Fügen Sie das erste Tag hinzu!

MARC

LEADER 00000nas2a2200000 4500
001 0252029
005 20190315083430.2
022 |a 2367-6361 
041 0 |a eng 
044 |a BG 
245 1 0 |a Izvestiya  |b journal of Varna university of economics 
264 1 |a Varna  |b University of Economics Varna  |c 2014 
773 0 |w eu_un_cat*0207087 
610 2 0 |a veda ekonomická 
610 2 0 |a politika hospodárska 
610 2 0 |a situácia hospodárska